| 000 | 00593nam a2200193 i 4500 | ||
|---|---|---|---|
| 001 | 70762 | ||
| 003 | ES-MaACL | ||
| 005 | 20250829062538.0 | ||
| 007 | t| | ||
| 008 | 040802s1924 fr ||||1| fre d | ||
| 100 | 1 |
_aGarnett, David. _955597 |
|
| 245 | 1 | 3 |
_aLa femme changée en renard / _cDavid Garnett ; traduction de Jane-Simone Bussy et André Maurois. |
| 260 |
_aParis : _bBernard Grasset, _c1924. |
||
| 300 |
_a183 p. : _bil. ; _c19 cm. |
||
| 700 | 1 |
_aBussy, Jane-Simone. _932862 |
|
| 700 | 1 |
_aMaurois, André, _d1885-1967 _979267 |
|
| 852 |
_aES-MaACL _jA-2748 |
||
| 999 |
_c70762 _d70762 |
||